<?xml version="1.0" encoding="UTF-8"?>
<collection xmlns="http://www.loc.gov/MARC21/slim">
 <record>
  <leader>01766nam a2200385 a 4500</leader>
  <controlfield tag="001">12479841</controlfield>
  <controlfield tag="003">BD-DhAAL</controlfield>
  <controlfield tag="008">090729r20092006paua     b    001  0 eng d</controlfield>
  <datafield tag="010" ind1=" " ind2=" ">
   <subfield code="a">sn 95040165 </subfield>
  </datafield>
  <datafield tag="020" ind1=" " ind2=" ">
   <subfield code="a">9788189836658 (indian reprint)</subfield>
  </datafield>
  <datafield tag="020" ind1=" " ind2=" ">
   <subfield code="a">9788189836672 (complete set vol 1 &amp; vol 2)</subfield>
  </datafield>
  <datafield tag="020" ind1=" " ind2=" ">
   <subfield code="a">9780781746731 (original ISBN)</subfield>
  </datafield>
  <datafield tag="040" ind1=" " ind2=" ">
   <subfield code="a">NcU-H</subfield>
   <subfield code="c">NcU-H</subfield>
   <subfield code="d">N</subfield>
   <subfield code="d">OCoLC</subfield>
   <subfield code="d">GU</subfield>
   <subfield code="d">DLC</subfield>
   <subfield code="d">NSDP</subfield>
   <subfield code="d">OCoLC</subfield>
   <subfield code="d">BD-DhAAL</subfield>
  </datafield>
  <datafield tag="082" ind1="1" ind2="0">
   <subfield code="a">615</subfield>
   <subfield code="2">13</subfield>
  </datafield>
  <datafield tag="222" ind1=" " ind2="0">
   <subfield code="a">Remington, the science and practice of pharmacy</subfield>
  </datafield>
  <datafield tag="245" ind1="0" ind2="0">
   <subfield code="a">Remington, the science and practice of pharmacy.</subfield>
   <subfield code="n">Volume 1.</subfield>
  </datafield>
  <datafield tag="246" ind1="3" ind2="0">
   <subfield code="a">Science and practice of pharmacy</subfield>
  </datafield>
  <datafield tag="250" ind1=" " ind2=" ">
   <subfield code="a">Twenty first edition.</subfield>
  </datafield>
  <datafield tag="260" ind1=" " ind2=" ">
   <subfield code="a">Philadelphia : </subfield>
   <subfield code="b">Lippincott Williams &amp; Wilkins, </subfield>
   <subfield code="c">c2006 [reprinted 2009].</subfield>
  </datafield>
  <datafield tag="300" ind1=" " ind2=" ">
   <subfield code="a">xxii, 1-1257 pages : </subfield>
   <subfield code="b">illustrations ; </subfield>
   <subfield code="c">29 cm. 	</subfield>
  </datafield>
  <datafield tag="362" ind1="0" ind2=" ">
   <subfield code="a">Volume one.</subfield>
  </datafield>
  <datafield tag="500" ind1=" " ind2=" ">
   <subfield code="a"> &quot;Editorial board, Paul Beringer ... [et al.]&quot;--Added t.p. 	</subfield>
  </datafield>
  <datafield tag="504" ind1=" " ind2=" ">
   <subfield code="a">Includes bibliographical references and index. </subfield>
  </datafield>
  <datafield tag="541" ind1="1" ind2=" ">
   <subfield code="e">00018899	</subfield>
  </datafield>
  <datafield tag="650" ind1=" " ind2="0">
   <subfield code="a">Drugs </subfield>
   <subfield code="v">Handbooks, manuals, etc. 	</subfield>
   <subfield code="9">43716</subfield>
  </datafield>
  <datafield tag="650" ind1=" " ind2="0">
   <subfield code="a">Pharmacology </subfield>
   <subfield code="v">Handbooks, manuals, etc. 	</subfield>
   <subfield code="9">43717</subfield>
  </datafield>
  <datafield tag="650" ind1=" " ind2="0">
   <subfield code="a">Pharmacy </subfield>
   <subfield code="x">Practice </subfield>
   <subfield code="v">Handbooks, manuals, etc. 	</subfield>
   <subfield code="9">43718</subfield>
  </datafield>
  <datafield tag="650" ind1="1" ind2="2">
   <subfield code="a">Pharmacy. 	</subfield>
   <subfield code="9">43719</subfield>
  </datafield>
  <datafield tag="700" ind1="1" ind2=" ">
   <subfield code="a">Remington, Joseph P. </subfield>
   <subfield code="q">(Joseph Price), </subfield>
   <subfield code="d"> 1847-1918. 	</subfield>
   <subfield code="9">43720</subfield>
  </datafield>
  <datafield tag="700" ind1="1" ind2=" ">
   <subfield code="a">Beringer, Paul. </subfield>
   <subfield code="9">43721</subfield>
  </datafield>
  <datafield tag="852" ind1="4" ind2=" ">
   <subfield code="a">Ayesha Abed Library </subfield>
   <subfield code="j">General Shelf.</subfield>
  </datafield>
  <datafield tag="942" ind1="0" ind2="0">
   <subfield code="0">2</subfield>
   <subfield code="2">ddc</subfield>
   <subfield code="c">BK</subfield>
  </datafield>
  <datafield tag="999" ind1=" " ind2=" ">
   <subfield code="c">8642</subfield>
   <subfield code="d">8642</subfield>
  </datafield>
  <datafield tag="952" ind1=" " ind2=" ">
   <subfield code="0">0</subfield>
   <subfield code="1">0</subfield>
   <subfield code="2">ddc</subfield>
   <subfield code="4">0</subfield>
   <subfield code="6">615_000000000000000_REM_2009</subfield>
   <subfield code="7">0</subfield>
   <subfield code="9">10331</subfield>
   <subfield code="a">PHR</subfield>
   <subfield code="b">PHR</subfield>
   <subfield code="c">GEN</subfield>
   <subfield code="d">2010-05-19</subfield>
   <subfield code="l">4</subfield>
   <subfield code="m">7</subfield>
   <subfield code="o">615 REM</subfield>
   <subfield code="p">3010018899 </subfield>
   <subfield code="r">2015-12-10</subfield>
   <subfield code="s">2015-11-10</subfield>
   <subfield code="t">1</subfield>
   <subfield code="w">2010-05-19</subfield>
   <subfield code="y">BK</subfield>
  </datafield>
  <datafield tag="952" ind1=" " ind2=" ">
   <subfield code="0">0</subfield>
   <subfield code="1">0</subfield>
   <subfield code="2">ddc</subfield>
   <subfield code="4">0</subfield>
   <subfield code="6">615_REM_200900000000000</subfield>
   <subfield code="7">0</subfield>
   <subfield code="9">10360</subfield>
   <subfield code="a">BRACUL</subfield>
   <subfield code="b">BRACUL</subfield>
   <subfield code="c">GEN</subfield>
   <subfield code="d">2010-05-19</subfield>
   <subfield code="l">6</subfield>
   <subfield code="m">17</subfield>
   <subfield code="o">615 REM</subfield>
   <subfield code="p">3010018898</subfield>
   <subfield code="r">2015-12-10</subfield>
   <subfield code="s">2015-11-10</subfield>
   <subfield code="t">2</subfield>
   <subfield code="w">2010-05-19</subfield>
   <subfield code="y">BK</subfield>
  </datafield>
 </record>
</collection>
